Datum a čas kvízu

20 Celkem bodů Celkový počet nahraných bodů na tomto kvízu bez doplňovacích otázek.
7. Pořadí na kvízu Konečné umístění týmu na tomto kvízu.

Zaznamenané odpovědi

# Otázka Odpověď Body Výsledky
1. Minulý týden připravili pracov... D) šaliny 0
2. Ve čtvrtek ustála předsedkyně... Pfizergate 1
3. Po několika týdnech dohadování... Rubicon 1
4. Nedávno jsme se zmiňovali o ak... moa, Nový Zéland 0
5. Který český sportovec či sport... Kateřina Siniaková, smíšená čtyřhra (mix) 0.5
6. Chcete-li vidět něco, co velmi... Moravská Sahara 0
7. Poblíž Františkových Lázní se... Soos 1
8. Chráněná krajinná oblast Pálav... Pavlovské vrchy, Nové Mlýny (Novomlýnská nádrž) 0
9. Nyní se podíváme na nejhlubší... Hranická 0
10. Nesmíme opomenout Národní park... C) Kamenice 1